Mousekin's Christmas Eve. (Record no. 8532)

MARC details
000 -LEADER
fixed length control field 00938cam a22003011 4500
001 - CONTROL NUMBER
control field 8532
003 - CONTROL NUMBER IDENTIFIER
control field FISKH
005 - DATE AND TIME OF LATEST TRANSACTION
control field 20250918103154.0
008 - FIXED-LENGTH DATA ELEMENTS--GENERAL INFORMATION
fixed length control field 790215s1965 njua j 000 1 eng
010 ## - LIBRARY OF CONGRESS CONTROL NUMBER
LC control number 65025244
035 ## - SYSTEM CONTROL NUMBER
System control number 1224569
040 ## - CATALOGING SOURCE
Original cataloging agency DLC
Transcribing agency DLC
Modifying agency DLC
Language of cataloging eng
050 ## - LIBRARY OF CONGRESS CALL NUMBER
Classification number PZ7.M6128 M
082 ## - DEWEY DECIMAL CLASSIFICATION NUMBER
Classification number 514
100 1# - MAIN ENTRY--PERSONAL NAME
Personal name Miller, Edna,
Dates associated with a name 1920-
245 10 - TITLE STATEMENT
Title Mousekin's Christmas Eve.
Statement of responsibility, etc. Story and pictures by Edna Miller.
260 ## - PUBLICATION, DISTRIBUTION, ETC.
Place of publication, distribution, etc. Englewood Cliff :
Name of publisher, distributor, etc. Prentice-Hall
Date of publication, distribution, etc. 1965
300 ## - PHYSICAL DESCRIPTION
Extent 32 unnumbered pages :
Other physical details color illustrations ;
Dimensions 24 cm
505 ## - FORMATTED CONTENTS NOTE
Formatted contents note N<br/>
520 ## - SUMMARY, ETC.
Summary, etc. A whitefoot mouse, searching for a new home on Christmas Eve, finds a peaceful and quiet place in a crèche.
521 8# - TARGET AUDIENCE NOTE
Target audience note 580<br/>
Source Lexile estimate<br/>
521 8# - TARGET AUDIENCE NOTE
Target audience note N<br/>
Source Raz-Plus<br/>
650 #1 - SUBJECT ADDED ENTRY--TOPICAL TERM
Topical term or geographic name entry element Christmas
General subdivision Fiction.
650 #1 - SUBJECT ADDED ENTRY--TOPICAL TERM
Topical term or geographic name entry element Mice
General subdivision Fiction.
906 ## - LOCAL DATA ELEMENT F, LDF (RLIN)
a 7
b cbc
c orignew
d 1
e ocip
f 19
g y-gencatlg
942 ## - ADDED ENTRY ELEMENTS (KOHA)
Source of classification or shelving scheme Dewey Decimal Classification
Koha item type Books
Suppress in OPAC No
Holdings
Withdrawn status Lost status Source of classification or shelving scheme Damaged status Not for loan Collection Home library Current library Shelving location Date acquired Total Checkouts Full call number Barcode Date last seen Copy number Price effective from Koha item type
    Dewey Decimal Classification     Juvenile Fiction Footprints International School Library Network Toul Tom Poung Campus Footprints International School Library Network Toul Tom Poung Campus TTP Primary Yellow Bookshelves 09/18/2025   MIL 514 PZ7.M6128 M FISBK00468 09/18/2025 1 09/18/2025 Books